000 00866nac a22002417a 4500
001 BR9403891
003 BR-BrBNA
005 20240105121523.0
008 230509b bl.|||m| |||| 00| 0 por d
040 _aBR-BrBNA
_bpor
_cBiblioteca Nacional de Agricultura
072 _aP10
090 _aP10 BR9403891
110 1 _aUniversidade de Sao Paulo, SP (Brasil). Inst. Oceanografico
_910563
245 1 _aListagem das estacoes hidrograficas realizadas na plataforma continental do Rio Grande do Sul (Brasil), de abril de 1968 a marco de 1969
260 3 _aSao Paulo, SP (Brasil):
_c1972.
300 _a104 p.
490 _aPublicacao Especial do Instituto Oceanografico (Brazil)
_vno. 1
_xISSN 0100-5146
500 _a10 ref.
650 _aHidrografia
650 _aRio Grande do Sul
909 _a202312
_bLúcia Elande
_c55
_dLúcia Elande
942 _2AGRIS
_n0
_cMS
999 _c285777
_d285777